Pneumatikus pozicionáló hajtás megvalósítása hagyományos elemekkel

Elmentve itt :
Bibliográfiai részletek
Szerzők: Gyeviki János
Fabulya Zoltán
Dokumentumtípus: Cikk
Megjelent: 1994
Sorozat:Tudományos közlemények 17
Kulcsszavak:Mérnöki tudományok
Online Access:http://acta.bibl.u-szeged.hu/21134
LEADER 00674nab a2200193 i 4500
001 acta21134
005 20210225134926.0
008 161015s1994 hu o 0|| hun d
022 |a 0238-3756 
040 |a SZTE Egyetemi Kiadványok Repozitórium  |b hun 
041 |a hun 
100 1 |a Gyeviki János 
245 1 0 |a Pneumatikus pozicionáló hajtás megvalósítása hagyományos elemekkel  |h [elektronikus dokumentum] /  |c  Gyeviki János 
260 |c 1994 
300 |a 148-157 
490 0 |a Tudományos közlemények  |v 17 
695 |a Mérnöki tudományok 
700 0 1 |a Fabulya Zoltán  |e aut 
856 4 0 |u http://acta.bibl.u-szeged.hu/21134/1/szef_tudkozl_017_148-157.pdf  |z Dokumentum-elérés